| 000 | 00653nam a22001577a 4500 | ||
|---|---|---|---|
| 008 | 150312b xxu||||| |||| 00| 0 eng d | ||
| 050 | _aPR1260.A3 | ||
| 100 |
_aAdams, Joseph Quincy _916288 |
||
| 245 |
_aChief pre-shakespearean dramas: _ba selection of plays illustrating the history of the english drama from its origin down to shakespeare _c/by Joseph Quincy Adams |
||
| 260 |
_aBoston _bThe Riverside Press _c1924 |
||
| 300 |
_avii,712p. ; _c21cm. |
||
| 650 |
_aEnglish drama _xMedieval _916289 |
||
| 650 |
_aMysteries and miracle _xPlays, English _916290 |
||
| 650 |
_aEnglish drama _xEarly modern and Elizabethan _916291 |
||
| 942 |
_2lcc _cMONOGRAPH |
||
| 999 |
_c122425 _d122425 |
||